[Event "Asia-ch (Women)"]
[Site "Al Ain"]
[Date "2025.05.07"]
[Round "1"]
[White "Vishwa, Vasnawala"]
[Black "Padmini, Rout"]
[Result "1/2-1/2"]
[WhiteElo "2090"]
[BlackElo "2359"]
[PlyCount "81"]
[EventDate "2025.05.07"]
[EventType "swiss"]
[EventRounds "9"]
[EventCountry "UAE"]
[SourceTitle "CB21_2025"]
[SourceDate "2025.05.21"]
[SourceVersion "1"]
[SourceVersionDate "2025.05.21"]
[SourceQuality "1"]

1. d4 Nf6 2. c4 g6 3. g3 c5 4. d5 e6 5. Nc3 exd5 6. cxd5 d6 7. Bg2 Bg7 8. Nf3 0-0 9. 0-0 Re8 10. Nd2 a6 11. a4 Nbd7 12. h3 Nh5 13. Nde4 Qc7 14. g4 Nhf6 15. Nxf6+ Nxf6 16. e4 Bd7 17. f4 h6 18. Re1 Nh7 19. h4 Bd4+ 20. Be3 Bxe3+ 21. Rxe3 g5 22. hxg5 hxg5 23. f5 Re5 24. Rh3 f6 25. Rh6 Be8 26. Qf3 Rd8 27. Bf1 c4 28. Qf2 Rc8 29. Be2 Re7 30. a5 Qc5 31. Qxc5 Rxc5 32. Kf2 Kg7 33. Rh3 Nf8 34. Ke3 Bf7 35. Kd4 Rec7 36. Ra4 Nd7 37. Rxc4 Rxc4+ 38. Bxc4 Ne5 39. Be2 Be8 40. Rh1 Bd7 41. Rh3 1/2-1/2

[Event "Bengaluru Namma op 2nd"]
[Site "Bengaluru"]
[Date "2025.04.13"]
[Round "6"]
[White "Padmini, Rout"]
[Black "Goutham Krishna, H."]
[Result "1-0"]
[WhiteElo "2354"]
[BlackElo "2449"]
[PlyCount "69"]
[EventDate "2025.04.10"]
[EventType "swiss"]
[EventRounds "10"]
[EventCountry "IND"]
[SourceTitle "CB18_2025"]
[SourceDate "2025.04.30"]
[SourceVersion "1"]
[SourceVersionDate "2025.04.30"]
[SourceQuality "1"]

1. e4 c6 2. d4 d5 3. e5 Bf5 4. Nf3 e6 5. Be2 Ne7 6. 0-0 Ng6 7. c3 Be7 8. Ne1 Qb6 9. g4 Bxb1 10. Rxb1 h5 11. gxh5 Nh4 12. Ng2 Nxg2 13. Kxg2 c5 14. c4 dxc4 15. d5 exd5 16. Qxd5 Qc6 17. Rd1 Qxd5+ 18. Rxd5 Nc6 19. Be3 Nb4 20. Rd2 Nd3 21. f4 Rh6 22. b3 b5 23. bxc4 bxc4 24. Bxd3 cxd3 25. Rxd3 Ra6 26. Rd2 Rc8 27. Rb7 f5 28. Rdd7 Rxa2+ 29. Kg3 Bf8 30. e6 Rd8 31. e7 Rxd7 32. exf8Q+ Kxf8 33. Rxd7 c4 34. h4 c3 35. Rc7 1-0

[Event "Titled Tuesday intern op 04th Feb Early"]
[Site "Chess.com INT"]
[Date "2025.02.04"]
[Round "10"]
[White "Frischmann, Rick"]
[Black "Padmini, Rout"]
[Result "0-1"]
[WhiteElo "2344"]
[BlackElo "2356"]
[PlyCount "70"]
[EventDate "2025.02.04"]
[EventType "swiss (blitz)"]
[EventRounds "11"]
[EventCountry "USA"]
[SourceTitle "CB07_2025"]
[SourceDate "2025.02.12"]
[SourceVersion "1"]
[SourceVersionDate "2025.02.12"]
[SourceQuality "1"]

1. e4 c5 2. Nf3 e6 3. d4 cxd4 4. Nxd4 Nc6 5. Nc3 Qc7 6. Be3 a6 7. Qf3 h5 8. 0-0-0 Ne5 9. Qg3 h4 10. Qh3 b5 11. f4 Nc4 12. Bxc4 Qxc4 13. Nb3 a5 14. Rd4 Qc6 15. a4 b4 16. Nb5 Nf6 17. Re1 Be7 18. Bd2 0-0 19. Qd3 d5 20. exd5 Nxd5 21. Rxd5 exd5 22. Rxe7 Qf6 23. Qe3 Bf5 24. Qe5 Qg6 25. N3d4 Be4 26. g3 hxg3 27. hxg3 Qxg3 28. b3 Rac8 29. f5 Qg1+ 30. Kb2 Qd1 31. Rc7 Qxd2 32. f6 Rxc7 33. Nxc7 Qc3+ 34. Kc1 Qe3+ 35. Kb2 Rc8 0-1

[Event "Titled Tuesday intern op 04th Feb Early"]
[Site "Chess.com INT"]
[Date "2025.02.04"]
[Round "9"]
[White "Padmini, Rout"]
[Black "Besou, Hussain"]
[Result "1-0"]
[WhiteElo "2356"]
[BlackElo "2367"]
[PlyCount "45"]
[EventDate "2025.02.04"]
[EventType "swiss (blitz)"]
[EventRounds "11"]
[EventCountry "USA"]
[SourceTitle "CB07_2025"]
[SourceDate "2025.02.12"]
[SourceVersion "1"]
[SourceVersionDate "2025.02.12"]
[SourceQuality "1"]

1. e4 c5 2. Nf3 d6 3. d4 cxd4 4. Nxd4 Nf6 5. Nc3 a6 6. Bc4 e6 7. Bb3 Be7 8. f4 Qc7 9. f5 e5 10. Nde2 Nbd7 11. Bg5 h6 12. Bxf6 Nxf6 13. Nd5 Nxd5 14. Qxd5 0-0 15. h4 Bd7 16. Nc3 Bc6 17. Qd3 b5 18. g4 d5 19. Nxd5 Bxd5 20. Bxd5 Rac8 21. 0-0-0 Qd8 22. g5 hxg5 23. hxg5 1-0

[Event "Titled Tuesday intern op 04th Feb Early"]
[Site "Chess.com INT"]
[Date "2025.02.04"]
[Round "11"]
[White "Padmini, Rout"]
[Black "Fantinel, Thibault"]
[Result "0-1"]
[WhiteElo "2356"]
[BlackElo "2420"]
[PlyCount "92"]
[EventDate "2025.02.04"]
[EventType "swiss (blitz)"]
[EventRounds "11"]
[EventCountry "USA"]
[SourceTitle "CB07_2025"]
[SourceDate "2025.02.12"]
[SourceVersion "1"]
[SourceVersionDate "2025.02.12"]
[SourceQuality "1"]

1. e4 d6 2. d4 Nf6 3. Nc3 e5 4. dxe5 dxe5 5. Qxd8+ Kxd8 6. Bg5 Be6 7. 0-0-0+ Nbd7 8. Bxf6+ gxf6 9. g3 Bc5 10. f3 c6 11. Bh3 Bxh3 12. Nxh3 Ke7 13. Rd3 b5 14. a4 a6 15. Rhd1 Nb6 16. a5 Nc4 17. Rd7+ Kf8 18. Rc7 Kg7 19. Rdd7 Rhf8 20. Rxc6 Be3+ 21. Kb1 Nxa5 22. Nd5 Nxc6 23. Nxe3 Rfd8 24. Nf5+ Kf8 25. Rxd8+ Rxd8 26. Kc1 Nd4 27. Nf2 Nxf5 28. exf5 Ke7 29. c3 a5 30. Ne4 Rc8 31. Kd2 h5 32. h4 Rg8 33. Ke3 Rd8 34. Ke2 Rc8 35. g4 b4 36. cxb4 axb4 37. Kd3 Rd8+ 38. Ke3 hxg4 39. fxg4 Rd1 40. g5 fxg5 41. hxg5 Rb1 42. Nc5 Rxb2 43. f6+ Ke8 44. Ke4 Rc2 45. Nd3 b3 46. Kxe5 b2 0-1

[Event "Wch Rapid (Women)"]
[Site "New York"]
[Date "2024.12.27"]
[Round "7"]
[White "Nurgaliyeva, Zarina"]
[Black "Padmini, Rout"]
[Result "1/2-1/2"]
[WhiteElo "2175"]
[BlackElo "2267"]
[PlyCount "115"]
[EventDate "2024.12.26"]
[EventType "swiss (rapid)"]
[EventRounds "11"]
[EventCountry "USA"]
[SourceTitle "CB01_2025"]
[SourceDate "2025.01.01"]
[SourceVersion "1"]
[SourceVersionDate "2025.01.01"]
[SourceQuality "1"]

1. e4 c5 2. Nf3 e6 3. c3 Nf6 4. e5 Nd5 5. d4 cxd4 6. cxd4 d6 7. Bc4 Nb6 8. Bd3 Nc6 9. 0-0 dxe5 10. dxe5 Nb4 11. Be4 Qxd1 12. Rxd1 N4d5 13. a4 a5 14. Nc3 Nxc3 15. bxc3 Bd7 16. Bxb7 Rb8 17. Be4 Bc5 18. Bc2 0-0 19. Ng5 h6 20. Ne4 Rfc8 21. Ba3 Bxa4 22. Bxa4 Nxa4 23. Bxc5 Nxc5 24. Nd6 Rc7 25. Rxa5 Nb3 26. Rb5 Rxb5 27. Nxb5 Rc5 28. Rd8+ Kh7 29. Nd6 Rxe5 30. f4 Rc5 31. Rc8 Ra5 32. Nxf7 Kg6 33. Nd6 Ra4 34. g3 Ra2 35. Ne4 Nd2 36. Nxd2 Rxd2 37. Rc5 Rc2 38. c4 Kf6 39. h4 g6 40. g4 Ke7 41. Rc7+ Kd6 42. Rg7 h5 43. Rxg6 hxg4 44. Rxg4 Rxc4 45. h5 Rc7 46. Kg2 Rh7 47. Rg5 Ke7 48. Kg3 Kf6 49. Kg4 Rh8 50. Rg6+ Kf7 51. Kg5 Ra8 52. Rf6+ Ke7 53. h6 Ra1 54. Rg6 Rg1+ 55. Kh5 Rh1+ 56. Kg4 Rg1+ 57. Kh5 Rh1+ 58. Kg5 1/2-1/2

[Event "Swiss Queens Wed #47"]
[Site "FIDE Online Arena INT"]
[Date "2024.12.18"]
[Round "6"]
[White "Padmini, Rout"]
[Black "Maltsevskaya, Aleksandra"]
[Result "0-1"]
[WhiteElo "2339"]
[BlackElo "2368"]
[PlyCount "66"]
[EventDate "2024.12.18"]
[EventType "swiss (blitz)"]
[EventRounds "11"]
[EventCountry "NET"]
[SourceTitle "CB52_2024"]
[SourceDate "2024.12.25"]
[SourceVersion "1"]
[SourceVersionDate "2024.12.25"]
[SourceQuality "1"]

1. e4 c5 2. Nf3 g6 3. d4 cxd4 4. Nxd4 Nf6 5. Nc3 Nc6 6. Nxc6 bxc6 7. e5 Nh5 8. Be2 Ng7 9. 0-0 Ne6 10. Be3 Bg7 11. f4 0-0 12. Ne4 a5 13. Qd2 a4 14. Rad1 a3 15. b3 Qc7 16. Bc4 c5 17. Bxe6 dxe6 18. Nxc5 Qc6 19. c4 f6 20. Bd4 Rd8 21. Qe3 Kf7 22. Bc3 Bb7 23. Nxb7 Qxb7 24. Rfe1 Qc6 25. h3 h5 26. Bb4 Bh6 27. exf6 exf6 28. Rxd8 Rxd8 29. Bxa3 e5 30. Qc5 Qb7 31. fxe5 Rd2 32. e6+ Kg8 33. Re2 Rxe2 0-1

[Event "Swiss Queens Wed #47"]
[Site "FIDE Online Arena INT"]
[Date "2024.12.18"]
[Round "1"]
[White "Pertseva, Tatyana"]
[Black "Padmini, Rout"]
[Result "0-1"]
[WhiteElo "1698"]
[BlackElo "2339"]
[PlyCount "64"]
[EventDate "2024.12.18"]
[EventType "swiss (blitz)"]
[EventRounds "11"]
[EventCountry "NET"]
[SourceTitle "CB52_2024"]
[SourceDate "2024.12.25"]
[SourceVersion "1"]
[SourceVersionDate "2024.12.25"]
[SourceQuality "1"]

1. c4 e5 2. g3 Nf6 3. Bg2 d5 4. cxd5 Nxd5 5. Nc3 Nb6 6. d3 Bd6 7. Nf3 0-0 8. Be3 Nc6 9. Rc1 h6 10. a3 f5 11. b4 a5 12. b5 Ne7 13. 0-0 Be6 14. a4 Nbd5 15. Nxd5 Nxd5 16. Bc5 Qe7 17. Qc2 Nb4 18. Bxb4 axb4 19. Nh4 Qf7 20. Bxb7 b3 21. Qc6 Rxa4 22. b6 Rb4 23. bxc7 Bxc7 24. Qxc7 Rxb7 25. Qxf7+ Kxf7 26. Rb1 b2 27. Rfd1 Rfb8 28. d4 exd4 29. Rxd4 Ba2 30. Rdd1 Bxb1 31. Rxb1 Rc7 32. Nxf5 Rc1+ 0-1

[Event "Swiss Queens Wed #47"]
[Site "FIDE Online Arena INT"]
[Date "2024.12.18"]
[Round "7"]
[White "Vifleemskaia, Svetlana"]
[Black "Padmini, Rout"]
[Result "0-1"]
[WhiteElo "1942"]
[BlackElo "2339"]
[PlyCount "110"]
[EventDate "2024.12.18"]
[EventType "swiss (blitz)"]
[EventRounds "11"]
[EventCountry "NET"]
[SourceTitle "CB52_2024"]
[SourceDate "2024.12.25"]
[SourceVersion "1"]
[SourceVersionDate "2024.12.25"]
[SourceQuality "1"]

1. d4 Nf6 2. c4 g6 3. Nc3 d5 4. cxd5 Nxd5 5. Bd2 Bg7 6. e4 Nxc3 7. Bxc3 c5 8. d5 Bxc3+ 9. bxc3 0-0 10. Qd2 Qd6 11. Bc4 Nd7 12. f4 Nb6 13. Bd3 c4 14. Bc2 e6 15. dxe6 Qxd2+ 16. Kxd2 Bxe6 17. Nf3 Rfd8+ 18. Ke3 f5 19. Rhd1 fxe4 20. Bxe4 Bd5 21. Ne5 Bxe4 22. Kxe4 Na4 23. Rxd8+ Rxd8 24. Nxc4 b5 25. Ne5 Rd2 26. g4 Nxc3+ 27. Ke3 Rxa2 28. Rxa2 Nxa2 29. Kd4 a5 30. Kc5 Nc3 31. Nc6 a4 32. Kb4 Nd5+ 33. Kxb5 a3 34. Nd4 a2 35. Nc2 Ne3 36. Na1 Nxg4 37. h3 Nf2 38. h4 Nd3 39. Ka4 Nxf4 40. Kb3 h5 41. Kxa2 Ng2 42. Kb3 Nxh4 43. Kc4 Kg7 44. Kd4 Kf6 45. Ke4 Kg5 46. Nc2 Kg4 47. Ne3+ Kg3 48. Nf1+ Kg4 49. Ne3+ Kg5 50. Nd5 Nf5 51. Kf3 Nd4+ 52. Kg3 Kf5 53. Ne7+ Kf6 54. Nd5+ Ke5 55. Ne7 Nf5+ 0-1